Turkey Decoder - Statistics

General Stats
  • This quiz has been taken 80 times
  • The average score is 16 of 27
Answer Stats
Hint Answer % Correct
A First president Atatürk
97%
C Island country it invaded in 1974 Cyprus
97%
H Former church and mosque: _____ Sophia Hagia
91%
E Current president Erdoğan
90%
E Train route: Orient _______ Express
88%
N Military alliance joined in 1952 NATO
87%
A Main peninsula Anatolia
84%
A Tallest mountain Ararat
76%
M Sea between the Aegean the Black Sea Marmara
76%
T Site of a legendary Homeric war Troy
73%
D AKA Lokum: Turkish ________ Delight
63%
L Hatay province is part of this region.Including Israel, Lebanon, Jordan, Syria Levant
61%
W The "gray" type of this mammal is the country's national animal Wolf
60%
O Founder of the Ottoman Empire Osman
54%
C War fought against Russia in 1850s Crimean
52%
P Eastern Orthodox leader Patriarch
49%
E Sertab Erener won it in 2003 Eurovision
48%
O First name of author Pamuk Orhan
46%
E Country the Ottomans conquered in 1517 Egypt
45%
E Major river that starts in Murat Su and Kara Su Euphrates
42%
H Inlet in Istanbul: Golden ____ Horn
40%
T Mountain range in southern Turkey withnamesake of the 2nd zodiac sign Taurus
40%
P Term for a higher rank in the Ottoman political and military system Pasha
30%
I Ancient Greek region on the Aegean Ionia
27%
E Ancient Greek city near Izmir Ephesus
24%
R Political party: _________ People's Party Republican
22%
Quote Peace at Home, Peace in the World
21%
No matching quizzes found
Score Distribution
Percent of People with Each Score
Percentile by Number Answered
Your Score History
You have not taken this quiz